| 000 | 00968cam a2200277 a 4500 | ||
|---|---|---|---|
| 001 | 13052129 | ||
| 003 | OSt | ||
| 005 | 20151116125834.0 | ||
| 008 | 030108s2004 maua b 001 0 eng | ||
| 010 | _a 2003040428 | ||
| 020 | _a0205376169 | ||
| 040 |
_aDLC _cDLC _dDLC |
||
| 043 | _an-us--- | ||
| 050 | 0 | 0 |
_aLC3981 _b.S56 2004 |
| 082 | 0 | 0 |
_a371.9/0971 _221 |
| 100 | 1 | _aSmith, Deborah Deutsch. | |
| 245 | 1 | 0 |
_aIntroduction to special education : _bteaching in an age of opportunity / _cDeborah Deutsch Smith. |
| 250 | _a5th ed. | ||
| 260 |
_aBoston : _bPearson/A and B, _cc2004. |
||
| 300 |
_axxviii, 564 p. : _bill. (chiefly col.) ; _c29 cm. |
||
| 504 | _aIncludes bibliographical references (p. 491-536) and indexes. | ||
| 650 | 0 |
_aSpecial education _zUnited States. |
|
| 906 |
_a7 _bcbc _corignew _d1 _eocip _f20 _gy-gencatlg |
||
| 942 |
_2lcc _cBK |
||
| 999 |
_c251330 _d251330 |
||